地名を含まない私立大学 - Statistics

General Stats
  • This quiz has been taken 252 times
    245 since last reset
  • The average score is 37 of 209
Answer Stats
Hint Answer % Correct
明治大学
78%
中央大学
74%
法政大学
71%
立教大学
71%
同志社大学
67%
立命館大学
66%
慶應義塾大学
64%
東洋大学
64%
帝京大学
61%
東京都 青山学院大学
58%
専修大学
58%
国士舘大学
55%
上智大学
54%
大東文化大学
54%
明治学院大学
54%
早稲田大学
54%
学習院大学
53%
國學院大學
52%
成蹊大学
52%
龍谷大学
52%
帝京平成大学
51%
獨協大学
50%
亜細亜大学
47%
桜美林大学
46%
成城大学
44%
兵庫県 甲南大学
43%
南山大学
42%
大正大学
39%
国際基督教大学
38%
上武大学
37%
中央学院大学
37%
昭和大学
37%
順天堂大学
36%
創価大学
35%
デジタルハリウッド大学
34%
拓殖大学
33%
津田塾大学
33%
北里大学
32%
ものつくり大学
31%
工学院大学
31%
立正大学
31%
名城大学
31%
明星大学
30%
同志社女子大学
29%
城西大学
28%
佛教大学
28%
天使大学
27%
西南学院大学
27%
自治医科大学
26%
三重県 皇學館大学
26%
北海学園大学
24%
産業能率大学
24%
中京大学
24%
桃山学院大学
24%
北星学園大学
23%
フェリス女学院大学
23%
岩手県 富士大学
22%
杏林大学
22%
東邦大学
22%
常葉大学
22%
駿河台大学
21%
文教大学
21%
学習院女子大学
21%
獨協医科大学
19%
明海大学
19%
大妻女子大学
19%
麗澤大学
18%
聖マリアンナ医科大学
18%
京都府 大谷大学
18%
藤女子大学
17%
酪農学園大学
17%
国際医療福祉大学
17%
平成国際大学
17%
国際武道大学
17%
帝京科学大学
17%
星薬科大学
17%
白百合女子大学
16%
岡山県 川崎医科大学
16%
昭和女子大学
15%
淑徳大学
14%
昭和薬科大学
14%
和光大学
14%
北翔大学
13%
作新学院大学
13%
放送大学
13%
聖心女子大学
13%
金城学院大学
13%
奈良県 天理大学
13%
崇城大学
13%
城西国際大学
12%
共立女子大学
12%
東洋英和女学院大学
12%
静岡県 聖隷クリストファー大学
12%
中部大学
12%
藤田医科大学
12%
岐阜県 朝日大学
12%
甲南女子大学
12%
流通科学大学
12%
福岡県 サイバー大学
12%
星槎道都大学
11%
跡見学園女子大学
11%
実践女子大学
11%
ルーテル学院大学
11%
椙山女学園大学
11%
産業医科大学
11%
福井県 仁愛大学
10%
群馬県 育英大学
10%
嘉悦大学
10%
女子美術大学
10%
清泉女子大学
10%
高千穂大学
10%
明治薬科大学
10%
至学館大学
10%
種智院大学
10%
環太平洋大学
10%
長崎県 活水女子大学
10%
白鷗大学
9%
星槎大学
9%
北洋大学
8%
文星芸術大学
8%
聖徳大学
8%
和洋女子大学
8%
桐朋学園大学
8%
東洋学園大学
8%
文京学院大学
8%
神奈川県 松蔭大学
8%
大同大学
8%
花園大学
8%
鹿児島県 志學館大学
8%
第一工科大学
8%
石川県 金城大学
7%
安田女子大学
7%
東亜大学
7%
ノートルダム清心女子大学
7%
北海道 育英館大学
6%
宮城県 尚絅学院大学
6%
女子栄養大学
6%
東都大学
6%
千葉県 愛国学園大学
6%
川村学園女子大学
6%
敬愛大学
6%
秀明大学
6%
二松學舍大学
6%
文化学園大学
6%
東海学園大学
6%
清和大学
5%
了徳寺大学
5%
長野県 清泉女学院大学
5%
就実大学
5%
愛媛県 聖カタリナ大学
5%
北海商科大学
4%
青森県 柴田学園大学
4%
聖学院大学
4%
西武文理大学
4%
東邦音楽大学
4%
聖路加国際大学
4%
昭和音楽大学
4%
星城大学
4%
同朋大学
4%
人間環境大学
4%
平安女学院大学
4%
明治国際医療大学
4%
広島県 エリザベト音楽大学
4%
西南女学院大学
4%
第一薬科大学
4%
熊本県 尚絅大学
4%
ロシア極東連邦総合大学
3%
福島県 医療創生大学
3%
新潟県 敬和学園大学
3%
埼玉県 共栄大学
3%
十文字学園女子大学
3%
人間総合科学大学
3%
植草学園大学
3%
亀田医療大学
3%
国立音楽大学
3%
こども教育宝仙大学
3%
杉野服飾大学
3%
ヤマザキ動物看護大学
3%
愛知県 桜花学園大学
3%
東海学院大学
3%
帝塚山学院大学
3%
聖泉大学
3%
梅光学院大学
3%
鎮西学院大学
3%
栃木県 宇都宮共和大学
2%
尚美学園大学
2%
開智国際大学
2%
白梅学園大学
2%
ビジネス・ブレークスルー大学
2%
太成学院大学
2%
梅花女子大学
2%
森ノ宮医療大学
2%
山口県 至誠館大学
2%
川崎医療福祉大学
2%
純真学園大学
2%
聖マリア学院大学
2%
中村学園大学
2%
平成音楽大学
2%
三育学院大学
1%
八洲学園大学
1%
修文大学
1%
大阪府 藍野大学
1%
相愛大学
1%
羽衣国際大学
1%
桃山学院教育大学
1%
園田学園女子大学
1%
滋賀県 成安造形大学
1%
滋慶医療科学大学
0%
常磐会学園大学
0%
No matching quizzes found
Score Distribution
Percent of People with Each Score
Percentile by Number Answered
Your Score History
You have not taken this quiz since the last reset